ბათუმის შოთა რუსთაველის სახელმწიფო უნივერსიტეტის ბიბლიოთეკა

Историческое краеведение (ბიბ.ჩანაწერი № 35660)

000 -LEADER
fixed length control field 00596nam a2200217Ia 4500
001 - CONTROL NUMBER
control field 1533
003 - CONTROL NUMBER IDENTIFIER
control field GE_BSU
008 - FIXED-LENGTH DATA ELEMENTS--GENERAL INFORMATION
fixed length control field 181216s||||||||xx |||||||||||||| ||und||
040 ## - CATALOGING SOURCE
Transcribing agency GE_BSU
080 ## - UNIVERSAL DECIMAL CLASSIFICATION NUMBER
Universal Decimal Classification number 908:94
100 ## - MAIN ENTRY--PERSONAL NAME
Personal name Матюшин,Г.Н.
245 ## - TITLE STATEMENT
Title Историческое краеведение
245 ## - TITLE STATEMENT
Remainder of title Учебное пособие для студ.пед. ин-тов
260 ## - PUBLICATION, DISTRIBUTION, ETC.
Place of publication, distribution, etc. Москва
260 ## - PUBLICATION, DISTRIBUTION, ETC.
Name of publisher, distributor, etc. ,,Просвещение
260 ## - PUBLICATION, DISTRIBUTION, ETC.
Date of publication, distribution, etc. 1987
300 ## - PHYSICAL DESCRIPTION
Extent 207стр.
653 ## - INDEX TERM--UNCONTROLLED
Uncontrolled term Историческое краеведение
942 ## - ADDED ENTRY ELEMENTS (KOHA)
Koha item type წიგნი
ეგზემპლარები
Withdrawn status Lost status Damaged status Not for loan Date acquired Barcode Date last seen Price effective from Koha item type
        2018-12-17 1284 2018-12-17 2018-12-17 წიგნი